| 000 | 00941cam a22002774a 4500 | ||
|---|---|---|---|
| 001 | 15253718 | ||
| 003 | SISC | ||
| 005 | 20160808112443.0 | ||
| 008 | 080409s2007 xxka b 001 0 eng | ||
| 010 | _a 2008371975 | ||
| 020 | _a9781780171845 | ||
| 040 |
_aDLC _cDLC |
||
| 050 | 0 | 0 |
_aQA 76.9.D3 _b.G662 2013 |
| 100 | 1 | _aGordon, Keith. | |
| 245 | 1 | 0 |
_aPrinciples of data management : _bfacilitating information sharing / _cKeith Gordon. |
| 250 | _a2nd edition. | ||
| 260 |
_aUK : _bBritish Computer Society, _c2013. |
||
| 300 |
_axxvi, 249 pages : _billustrations ; _c26 cm. |
||
| 500 | _aIncludes bibliographical references and index. | ||
| 650 | 0 | _aDatabase management. | |
| 650 | 0 |
_aBusiness _xData processing. |
|
| 710 | 2 | _aBritish Computer Society. | |
| 906 |
_a7 _bcbc _corigres _d2 _encip _f20 _gy-gencatlg |
||
| 942 |
_2lcc _cBK |
||
| 999 |
_c299971 _d299971 |
||